|
|
|
|
| LEADER |
01852nam a2200457 a 4500 |
| 001 |
nkc20122412706 |
| 003 |
CZ PrNK |
| 005 |
20130306093442.0 |
| 007 |
ta |
| 008 |
121024s2012 xr a b 000 0 cze |
| 015 |
|
|
|a cnb002412706
|
| 020 |
|
|
|a 978-80-7371-476-5
|q (brož.)
|
| 035 |
|
|
|a (OCoLC)829661131
|
| 040 |
|
|
|a OLA001
|b cze
|d ABA001
|
| 072 |
|
7 |
|a 373.2/.3
|x Předškolní a primární výchova a vzdělávání
|2 Konspekt
|9 22
|
| 072 |
|
7 |
|a 0/9-053.2
|x Literatura pro děti a mládež (naučná)
|2 Konspekt
|9 26
|
| 080 |
|
|
|a 37.016:003-028.31
|2 MRF
|
| 080 |
|
|
|a 373.3.016
|2 MRF
|
| 080 |
|
|
|a (076.1)
|2 MRF
|
| 080 |
|
|
|a (0.053.2)
|2 MRF
|
| 100 |
1 |
|
|a Brouk, Kateřina,
|d 1977-
|7 mzk2006363618
|4 aut
|
| 245 |
1 |
0 |
|a Zábavné procvičování - 1. třída :
|b písanka pro praváky i leváky : domácí pracovní sešit : soubor úloh pro školačky a školáky : [trénování ruky, písmena, číslice, slova] /
|c Kateřina Petrošová
|
| 246 |
3 |
|
|a Písanka pro praváky i leváky - zábavné procvičování - 1. třída
|
| 246 |
1 |
|
|i Podnázev na hřbetu:
|a Písanka
|
| 250 |
|
|
|a 2. vyd.
|
| 260 |
|
|
|a Říčany :
|b Sun,
|c 2012
|
| 300 |
|
|
|a 70 s. :
|b il. (převážně barev.) ;
|c 24 cm
|
| 650 |
0 |
7 |
|a psaní
|7 ph115938
|2 czenas
|
| 650 |
0 |
7 |
|a učivo základních škol
|7 ph136701
|2 czenas
|
| 650 |
0 |
9 |
|a writing
|2 eczenas
|
| 650 |
0 |
9 |
|a elementary school curriculum
|2 eczenas
|
| 655 |
|
7 |
|a pracovní sešity
|7 fd133116
|2 czenas
|
| 655 |
|
7 |
|a publikace pro děti
|7 fd133156
|2 czenas
|
| 655 |
|
9 |
|a activity books
|2 eczenas
|
| 655 |
|
9 |
|a children's literature
|2 eczenas
|
| 787 |
0 |
8 |
|i 1. vyd. vyšlo pod názvem:
|t Písanka pro žáky 1. třídy
|
| 910 |
2 |
|
|a BOA001
|b 2-1298.991
|
| 990 |
|
|
|a BK
|
| 995 |
|
|
|a 01
|
| 991 |
|
|
|b 201303
|c NOV
|e dn
|
| 996 |
6 |
|
|b 2610537559
|c 2-1298.991
|l MZK
|r Sklad / do 1 hodiny
|n 1
|p p.v.
|w 001311409
|u 000010
|a 1
|e BOA001
|j MZK50
|s P
|